000
00282nam a22001217a 4500
003
SGT
082
_a
006,RAJ
100
_a
RAJASENKARAN. S.
245
_a
NEURAL NETWORKS FUZZY LOGIC AND GENETIC ALGORITHMS
260
_a
NEW DELHI
_b
PHI
_c
2011
300
_a
439
942
_2
ddc
_c
GF BOOKS
999
_c
32590
_d
32590